000
00331nam a22001337a 4500
008
170731b xxu||||| |||| 00| 0 eng d
020
_a
0700224696
041
_a
eng
080
_a
004
100
_a
32
101
_a
SHKI
245
_a
AN INTRODUCTION TO FORTRAN IV PROGRAMMING/ A GENERAL APPROACH
_c
MURRILL, P.W
942
_2
udc
_c
BK
999
_c
22204
_d
22204